[Event "FRA-ch Blitz Online Qual"]
[Site "Europe Echecs INT"]
[Date "2020.05.16"]
[Round "5"]
[White "Inventar, Alexandre"]
[Black "Rieger, Emmanuel"]
[Result "1-0"]
[WhiteElo "1437"]
[BlackElo "1306"]
[PlyCount "45"]
[EventDate "2020.05.16"]
[EventType "swiss (blitz)"]
[EventRounds "15"]
[EventCountry "FRA"]
[SourceTitle "CBM 196 Extra"]
[Source "ChessBase"]
[SourceDate "2020.07.31"]
[SourceVersion "1"]
[SourceVersionDate "2020.07.31"]
[SourceQuality "1"]

1. e4 d6 2. d4 Bd7 3. Nc3 e5 4. dxe5 dxe5 5. Nf3 Nf6 6. Bg5 Bc5 7. Nxe5 h6 8. Bf4 0-0 9. Bc4 Be6 10. Bxe6 fxe6 11. 0-0 Bd6 12. Bg3 Nbd7 13. Ng6 Rf7 14. e5 Kh7 15. exd6 Kxg6 16. dxc7 Qc8 17. Re1 e5 18. Qd6 Qf8 19. Rad1 Nc5 20. Qxe5 Rc8 21. Nd5 Nfd7 22. Qd4 b6 23. b4 1-0

[Event "FRA-ch Blitz Online Qual"]
[Site "Europe Echecs INT"]
[Date "2020.05.16"]
[Round "14"]
[White "Manvieu, Paul"]
[Black "Rieger, Emmanuel"]
[Result "1-0"]
[WhiteElo "1018"]
[BlackElo "1306"]
[PlyCount "103"]
[EventDate "2020.05.16"]
[EventType "swiss (blitz)"]
[EventRounds "15"]
[EventCountry "FRA"]
[SourceTitle "CBM 196 Extra"]
[Source "ChessBase"]
[SourceDate "2020.07.31"]
[SourceVersion "1"]
[SourceVersionDate "2020.07.31"]
[SourceQuality "1"]

1. e4 e5 2. Nf3 Nc6 3. d4 exd4 4. Nxd4 Nxd4 5. Qxd4 d6 6. Nc3 c5 7. Qc4 Be6 8. Qd3 Nf6 9. g3 Be7 10. Bg2 0-0 11. e5 dxe5 12. Qxd8 Raxd8 13. Bxb7 Rd7 14. Bc6 Rd6 15. Bg2 Rfd8 16. 0-0 Bc4 17. Re1 Re6 18. b3 Ba6 19. Bb2 Rd2 20. Rac1 c4 21. Red1 Rxd1+ 22. Rxd1 Bb4 23. Rd8+ Ne8 24. Ra8 Bc5 25. Bd5 Re7 26. Bxc4 Bb7 27. Rb8 Bd6 28. Rd8 Bf3 29. Nd5 Re6 30. Nc7 Bxc7 31. Bxe6 Bxd8 32. Bd7 Nd6 33. Bxe5 Ne4 34. Bc6 Bb6 35. c4 Bxf2+ 36. Kf1 Be3 37. Bf4 Nd2+ 38. Ke1 Bxf4 39. gxf4 Bxc6 40. Kxd2 f5 41. Ke3 Kf7 42. Kd4 g6 43. b4 Ke6 44. b5 Bb7 45. c5 Kd7 46. c6+ Kc7 47. cxb7 Kxb7 48. Kc5 h5 49. a4 a6 50. bxa6+ Kxa6 51. Kd4 Kb6 52. Ke5 1-0

[Event "FRA-ch Blitz Online Qual"]
[Site "Europe Echecs INT"]
[Date "2020.05.16"]
[Round "3"]
[White "Rapaire, Jean Michel"]
[Black "Rieger, Emmanuel"]
[Result "1-0"]
[WhiteElo "1742"]
[BlackElo "1306"]
[PlyCount "79"]
[EventDate "2020.05.16"]
[EventType "swiss (blitz)"]
[EventRounds "15"]
[EventCountry "FRA"]
[SourceTitle "CBM 196 Extra"]
[Source "ChessBase"]
[SourceDate "2020.07.31"]
[SourceVersion "1"]
[SourceVersionDate "2020.07.31"]
[SourceQuality "1"]

1. e4 e5 2. Nf3 d6 3. Bc4 Ne7 4. h3 Nbc6 5. a3 g6 6. Ng5 Be6 7. Bxe6 fxe6 8. Nxe6 Qd7 9. Nxf8 Rxf8 10. d3 0-0-0 11. Be3 Rf7 12. Qg4 Rdf8 13. Qxd7+ Kxd7 14. Nd2 Nd4 15. 0-0-0 c5 16. Bxd4 exd4 17. f3 b5 18. b3 a5 19. Kb2 d5 20. Rde1 Nc6 21. exd5 b4 22. dxc6+ Kxc6 23. a4 Kd5 24. Nc4 Ra7 25. Re5+ Kc6 26. Rhe1 Rb8 27. Re6+ Kb7 28. Re7+ Ka8 29. Rxa7+ Kxa7 30. Re7+ Ka6 31. Re6+ Ka7 32. Nxa5 Rb5 33. Nc6+ Kb6 34. axb5 Kxb5 35. Nxd4+ Ka5 36. Nc6+ Kb5 37. c4+ Ka6 38. Nxb4+ Ka5 39. Kc3 h5 40. Ra6# 1-0

[Event "FRA-ch Blitz Online Qual"]
[Site "Europe Echecs INT"]
[Date "2020.05.16"]
[Round "4"]
[White "Rieger, Emmanuel"]
[Black "Gusev, Mickael"]
[Result "1-0"]
[WhiteElo "1306"]
[BlackElo "1032"]
[PlyCount "87"]
[EventDate "2020.05.16"]
[EventType "swiss (blitz)"]
[EventRounds "15"]
[EventCountry "FRA"]
[SourceTitle "CBM 196 Extra"]
[Source "ChessBase"]
[SourceDate "2020.07.31"]
[SourceVersion "1"]
[SourceVersionDate "2020.07.31"]
[SourceQuality "1"]

1. e4 e5 2. Nf3 Nc6 3. Bc4 h6 4. c3 Nf6 5. Qc2 Bc5 6. d3 0-0 7. 0-0 d6 8. h3 Be6 9. Bxe6 fxe6 10. d4 exd4 11. cxd4 Bxd4 12. Nxd4 Nxd4 13. Qd3 Nc6 14. f3 e5 15. Be3 Qe7 16. Nc3 Rad8 17. Nd5 Qd7 18. Rad1 a6 19. a3 Ne7 20. Nxf6+ gxf6 21. Bxh6 Kh7 22. Qe3 Rg8 23. f4 Rg6 24. g4 Rxh6 25. f5 Qc6 26. Rc1 Qb6 27. Qxb6 cxb6 28. Rc7 Re8 29. Rxb7 Rxh3 30. Kg2 Re3 31. Rh1+ Kg7 32. Rxb6 Rxe4 33. Kf3 Rd4 34. Rxa6 Rd3+ 35. Ke4 Rd4+ 36. Ke3 Nd5+ 37. Kf3 Rd3+ 38. Ke4 Rd2 39. Rxd6 Rxb2 40. Rxd5 Re2+ 41. Kf3 Ra2 42. Ra5 Rd8 43. Ra7+ Kg8 44. Rhh7 1-0

[Event "FRA-ch Blitz Online Qual"]
[Site "Europe Echecs INT"]
[Date "2020.05.16"]
[Round "8"]
[White "Rieger, Emmanuel"]
[Black "Leccia, Thomas"]
[Result "0-1"]
[WhiteElo "1306"]
[BlackElo "1893"]
[PlyCount "90"]
[EventDate "2020.05.16"]
[EventType "swiss (blitz)"]
[EventRounds "15"]
[EventCountry "FRA"]
[SourceTitle "CBM 196 Extra"]
[Source "ChessBase"]
[SourceDate "2020.07.31"]
[SourceVersion "1"]
[SourceVersionDate "2020.07.31"]
[SourceQuality "1"]

1. e4 e6 2. Nc3 d5 3. e5 c5 4. d4 Nc6 5. Bb5 Qb6 6. Bxc6+ bxc6 7. dxc5 Bxc5 8. Na4 Bxf2+ 9. Kf1 Ba6+ 10. Ne2 Qb4 11. Kxf2 Qxa4 12. Re1 Qh4+ 13. Kg1 Ne7 14. Bf4 Ng6 15. g3 Qg4 16. h3 Qxh3 17. Qd2 Bxe2 18. Rxe2 Nxf4 19. Qxf4 0-0 20. Rh2 Qf5 21. Rf1 Qxf4 22. gxf4 f6 23. exf6 gxf6 24. f5 e5 25. Rg2+ Kf7 26. Rg4 Rg8 27. Rxg8 Rxg8+ 28. Kh2 Rg5 29. Kh3 h5 30. Kh4 Ke7 31. Rf3 Kd6 32. c3 e4 33. Rf4 Ke5 34. Rf1 Rxf5 35. Rxf5+ Kxf5 36. Kg3 Ke5 37. b4 f5 38. Kf2 f4 39. a4 a6 40. a5 e3+ 41. Ke2 Ke4 42. Ke1 f3 43. Kd1 Kd3 44. Ke1 e2 45. Kf2 Kd2 0-1